Maestro Tavares Belo, dádiva total à música (Registo nº 634)

Detalhes MARC
000 -Etiqueta do registo
Cabeçalho 00677cam a2200265 4500
005 - Identificador da versão
Campo de controlo 20240813121808.0
021 ## - Número do Depósito Legal
Código do país PT
Número 178415/02
035 ## - Other System Control Numbers
System Control Number 0000662
System Control Number 0000658
System Control Number 0000658
System Control Number 0000646
100 ## - Dados gerais de processamento
Dados gerais de processamento 20020627d2002 m d0pory5003 ba
102 ## - Pais de publicação ou produção
País de publicação Portugal
101 0# - Língua de publicação
Língua do texto, banda sonora, etc. Português
106 ## - Campo de dados codificados: material textual
Dados codificados do material textual r
105 ## - Campo de dados codificados: livros
Dados codificados dos livros a z 000yy
215 ## - Descrição física 
Indicação específica da natureza do documento e extensão da espécie 56 p.
Outras indicações físicas il.
Dimensões 21 cm
200 1# - Titulo e menção de responsabilidade
Título próprio Maestro Tavares Belo, dádiva total à música
Primeira menção de responsabilidade Maria Armanda Tavares Belo
210 ## - Publicação, Distribuição, etc. 
Lugar da edição, distribuição, etc. Faro
Nome do editor, distribuidor, etc. Governo Civil
Data da publicação, distribuição, etc. 2002
675 ## - Classificação Decimal Universal (CDU)
Notação 78
Edição BN
Língua da edição por
Notação 929 Belo, Tavares
700 #1 - Nome de autor-pessoa física (responsabilidade principal)
Número de registo de entrada de autoridade 0000797
Palavra de ordem Belo
Outra parte do nome não tomada para palavra de ordem Maria Armanda Tavares
942 ## - Elementos de entrada adicionados (Koha)
Tipo de item no Koha Livro
Exemplares
Situação do levantamento Origin of item (home branch) (coded) Biblioteca de empréstimo Código de barras Circulation type (not for loan) Tipo de documento Nota do exemplar Damaged status
  Biblioteca Escolar Eng. Nuno Mergulhão Biblioteca Escolar Eng. Nuno Mergulhão BENM384   Livro Sem mensagem